Statistics for Biggest Two-Word U.S. Cities

Click here to take the quiz!

General Stats

  • This quiz has been taken 44,198 times
    (2,118 since last reset)
  • The average score is 13 of 22

Answer Stats

Population City % Correct
8,398,748New York
99%
3,990,456Los Angeles
98%
883,305San Francisco
95%
1,425,976San Diego
91%
644,644Las Vegas
87%
1,532,233San Antonio
84%
1,030,119San Jose
81%
391,006New Orleans
75%
302,838Saint Louis
72%
649,021Oklahoma City
68%
491,918Kansas City
66%
682,669El Paso
61%
307,695Saint Paul
60%
895,008Fort Worth
55%
472,688Colorado Springs
43%
450,189Virginia Beach
41%
467,354Long Beach
33%
265,098Saint Petersburg
31%
265,549Jersey City
30%
332,725Santa Ana
30%
326,554Corpus Christi
26%
267,633Fort Wayne
21%

Score Distribution

Percentile by Number Answered

Percent of People with Each Score

Your Score History

You have not taken this quiz since the last reset